LEADER 01205nam a2200301 a 4500 001 000000134947 003 CaOOAMICUS 005 20130716113255.0 008 130716s2012 fr u000 ubfre r 020 $a978-2-8185-0276-1 040 $aPUL$bita 082 04$a320.5 100 1 $aManent, Pierre.$0(OLS)http://pul/name/40116 245 10$aHistoire intellectuelle du libéralisme /$cPierre Manent. 260 $a[Paris] :$bArthème Fayard/Pluriel,$c2012. 300 $a250 p. ;$c18 cm 490 1 $aPhilosophie 504 $aInclude bibliografia in nota. 650 4$aLiberalismo$xStoria.$0(OLS)http://pul/subject/34082 830 0$aPhilosophie (Pluriel).$0(OLS)http://pul/title/170669 850 $aPUL 852 $aPUL$W1$xSL Diritto e Scienze Sociali 3$y79$m320. 5 MANPI 2$j155311$qDDC 21$B154856$CPULBib$Z2$F154856 $H122749 $82 941 1 $a9 996 $6020$a978-2-8185-0276-1$9(OLS)http://pul/number/153307 996 $6082$a320.5$9(OLS)http://pul/classification/449 996 $6245$aHistoire intellectuelle du libéralisme$9(OLS)http://pul/title/170668 996 $6260$a[Paris] :$bArthème Fayard/Pluriel$9(OLS)http://pul/publisher/82440 LEADER 01148nam a2200253 a 4500 001 000000142476 003 CaOOAMICUS 005 20150327115331.0 008 150327s1973 it u000 u ita r 040 $aPUL$bita 100 1 $aTangheroni, Marco,$d1946-2004.$0(OLS)http://pul/name/35893 245 10$aPolitica, commercio, agricoltura a Pisa nel Trecento /$cMarco Tangheroni. 260 $aPisa :$bPacini$g1973 300 $a242 p. ;$c25 cm 490 1 $aPubblicazioni dell'Istituto di storia, Facoltà di lettere dell'Università di Pisa 500 $aInclude indici e riferimenti bibliografici. 651 4$aPisa$xStoria$ysec. XIV.$0(OLS)http://pul/subject/41463 830 0$aPubblicazioni dell'Istituto di storia, Facoltà di lettere dell'Università di Pisa.$0(OLS)http://pul/title/17737 850 $aPUL 852 $aPUL$W1$xDP1 Fondo Capitani$y116$m10 E 79$j96539$qFondi$B164568$CPULBib$Z2$F164568 $HCap34 $82 941 1 $a1 996 $6245$aPolitica, commercio, agricoltura a Pisa nel Trecento$9(OLS)http://pul/title/180347 996 $6260$aPisa :$bPacini$9(OLS)http://pul/publisher/48820